| 000 | 01129nam a2200289 i 4500 | ||
|---|---|---|---|
| 001 | 10045 | ||
| 003 | ES-MaACL | ||
| 005 | 20250627191600.0 | ||
| 007 | t| | ||
| 008 | 941207s1992 sp ||||1| spa d | ||
| 020 | _a84-86854-50-4 | ||
| 080 | _a37"14/15" | ||
| 080 | _a873.4 Sánchez de las Brozas, Francisco:37 | ||
| 100 | 1 |
_aMerino Jerez, Luis. _980544 |
|
| 245 | 1 | 3 |
_aLa pedagogía en la retórica del Brocense _b: los principios pedagógicos del humanismo renacentista (natura, ars y exercitatio) en la retórica del Brocense (memoria, methodus y analysis) / _cLuis Merino Jerez. |
| 260 |
_aCáceres : _bInstitución Cultural El Brocense : _bUniversidad de Extremadura, _c1992. |
||
| 300 |
_a331 p. ; _c24 cm. |
||
| 500 | _aÍndice. | ||
| 504 | _aBibliografía: p. [317]-322. | ||
| 600 | 1 | 4 |
_aSánchez de las Brozas, Francisco, _d1522-1600 _9102587 |
| 650 | 1 | 4 |
_aRetórica- _xEnseñanza. _9156556 |
| 650 | 0 | 4 |
_aHumanismo- _zEspaña. _913503 |
| 710 | 2 |
_aInstitución Cultural "El Brocense" _94713 |
|
| 710 | 2 |
_aUniversidad de Extremadura. _97175 |
|
| 852 |
_aES-MaACL _jL-15216 |
||
| 999 |
_c10045 _d10045 |
||